Actual : revista d'informació internacional revista d'informació internacional
Publicado:
[Barcelona] :
Diputació de Barcelona, Xarxa de Municipis, Gabinet de Relacions Internacionals ,
2003
Descripción Física:
2 volum : il·lustracions ; 30 cm
Materias:
Barcelona (Catalunya : Província). -- Diputació -- Revistes
; Política mundial -- Revistes
; Revistes
Idioma:
Catalán
MARC
| LEADER | 00000nas a2200000 a 4500 | ||
|---|---|---|---|
| 001 | 27512 | ||
| 003 | Arxiu | ||
| 005 | 20260324175350.0 | ||
| 008 | 160829d2003 spc px cat c | ||
| 017 | |a DL B. 30200-2003 | ||
| 040 | |a AGDB | ||
| 080 | |a Revistes | ||
| 245 | |a Actual : |b revista d'informació internacional | ||
| 260 | |a [Barcelona] : |b Diputació de Barcelona, Xarxa de Municipis, Gabinet de Relacions Internacionals, |c 2003- | ||
| 300 | |a 2 volum : |b il·lustracions ; |c 30 cm | ||
| 310 | |a Irregular | ||
| 362 | |a Núm. 1 (maig 2003)- | ||
| 590 | |a Periodicitat desconeguda | ||
| 610 | 1 | 0 | |9 54166 |a Barcelona (Catalunya : Província). |b Diputació |v Revistes |
| 650 | 0 | |a Política mundial |9 29932 |2 Arxiu |x Revistes | |
| 655 | 0 | |9 55823 |a Revistes | |
| 710 | 1 | |a Barcelona (Catalunya : Província). |b Gabinet de Relacions Internacionals |9 13543 | |
| 866 | |a 2003 (1, 2) | ||
| 901 | |a Arxiu | ||
| 942 | |n 1 |2 udc |c REV | ||
| 952 | |0 0 |1 0 |4 0 |6 REV2009 |7 1 |9 45131 |a Arxiu |b Arxiu |d 2016-12-01 |h Núm. 1 (maig 2003) - Núm. 2 (novembre 2003) |o Rev-2009 |p 27512 |r 2016-12-01 00:00:00 |w 2016-12-01 |y ARXIU | ||
| 999 | |c 47850 |d 47850 | ||